000
00257nam a2200109 a 4500
005
20140513081048.0
008
020606s19uu xx 00 eng d
050
_a
P 002
_b
BOO
245
_a
Book make good friend.
650
_a
Books
_x
Posters
999
_c
116237
_d
116237